000
00335nam a2200145Ia 4500
003
OSt
005
20240311113354.0
008
170524s9999 xx 000 0 und d
020
_a
NIL
040
_c
IIMTU MEERUT
100
_a
GUPTA- R. P.
245
0
_a
MOLIK VEDHUT ABHIYANTRIKEE
260
_b
BHARAT BHARATI: MEERUT
942
_2
ddc
_c
02
999
_c
7623
_d
7623